| 000 | 00365pam a2200157a 44500 | ||
|---|---|---|---|
| 008 | 230515b1984 xxu||||| |||| 00| 0 eng d | ||
| 020 | _aNULL | ||
| 041 | _aENGL | ||
| 082 | _a621.381 / BER | ||
| 100 | _aBERNARD GROB | ||
| 245 | _aBASIC ELECTRONICS FIRST METRIC EDITION | ||
| 250 | _aN.D. | ||
| 260 |
_aNULL _bMc. G _c1984 |
||
| 300 | _a737 HB | ||
| 650 | _aNULL | ||
| 999 |
_c628006 _d628006 |
||